| 000 | 00000nam 2200000za 4500 |
| 001 | 9.801031 |
| 003 | CaOODSP |
| 005 | 20221107134725 |
| 007 | cr ||||||||||| |
| 008 | 160620s2015||||xxc |||| f000 0 eng d |
| 020 | |a978-0-660-02417-2 |
| 040 | |aCaOODSP|beng |
| 041 | |aeng|bfre |
| 043 | |an-cn--- |
| 086 | 1 |aSC103-38/9-2015E-PDF |
| 245 | 00|aC256 - Preparation for the English as a second language evaluation. |pWritten expression 1 and 2 |h[electronic resource]. |
| 246 | 30|aPreparation for the English as a second language evaluation |
| 246 | 3 |aWritten expression 1 & 2 |
| 260 | |a[Ottawa] : |bCanada School of Public Service, Learning Programs Branch, Language Training Division, |cc2015. |
| 300 | |aviii, 103 p. |
| 500 | |a"November 2014." |
| 505 | 2 |aNote/Avertissement -- Instructions (English)-- Directives (français) -- Written expression 1 -- Answer sheet -- Answer key -- Explanations -- Written expression 2 -- Answer sheet -- Answer key -- Explanations. |
| 546 | |aIncludes text in French. |
| 692 | 07|2gccst|aEnglish second language |
| 692 | 07|2gccst|aSecond language assessment |
| 710 | 2 |aCanada School of Public Service. |
| 794 | |tC256 - preparation for the English as a second language evaluation, written expression 1 and 2 |w(CaOODSP)9.854754 |
| 856 | 40|qPDF|s788 KB|uhttps://publications.gc.ca/collections/collection_2016/efpc-csps/SC103-38-9-2015-eng.pdf |